[Event "ICS rated bullet match"]
[Site "207.99.5.190"]
[Date "1999.03.11"]
[Round "?"]
[White "Hossa"]
[Black "TDChess"]
[Result "0-1"]
[WhiteElo "2371"]
[BlackElo "2612"]
[Annotator "Crafty v16.5"]
[PlyCount "104"]

{annotating for player Hossa using a scoring margin of +0.10 pawns. search
time limit is 10.00} 1. e4 1... d5 2. exd5 Qxd5 3. Nc3 Qd6 4. Be2 Bf5 5. Nf3
Nc6 6. Nb5 Qd7 7. O-O O-O-O 8. d3 e5 9. Be3 Kb8 10. Re1 Be7 11. Ng5 Nh6 12. Bf3
Nd4 13. Nxd4 exd4 14. Bf4 ({8:-0.21} 14. Bf4 14... f6 15. Ne4 g5 16. Bd2 Rhe8
17. Bh5 17... Bg6 $10) ({8:-0.10} 14. Bd2 14... Rhe8 15. Ne4 Ng8 16. Ng3 Be6
17. Nh5 Bf6 18. Nxf6 18... Nxf6 $10) 14... f6 15. Ne4 g5 16. Bd2 Nf7 17. b4 ({
8:-0.30} 17. b4 17... g4 18. Be2 Ne5 19. a4 Rhe8 20. c3 Qd5 21. cxd4 21... Qxd4
$10) ({8:+0.12} 17. Ng3 17... Bd6 18. Nxf5 Qxf5 19. Be4 Qb5 20. Qh5 Ne5 21.
Rab1 $10) 17... Rde8 18. Nc5 ({8:-0.29} 18. Nc5 18... Bxc5 19. bxc5 Rxe1+ 20.
Qxe1 g4 21. Be2 Re8 22. Bb4 Qe6 23. Kf1 $10) ({8:-0.16} 18. Ng3 18... Bg6 19.
a4 Ne5 20. Be4 Nc6 21. b5 21... Ne5 $10) 18... Bxc5 19. bxc5 Rxe1+ 20. Qxe1 Re8
21. Qb1 Nd8 22. Qb3 ({9:-0.68} 22. Qb3 22... g4 23. Bd1 Qe7 24. f3 g3 25. hxg3
Qxc5 26. Qc4 $15) ({9:-0.31} 22. Qb4 22... g4 23. Bd1 Nc6 24. Qb5 Ne5 25. a4 c6
26. Qa5 $15) 22... g4 23. Bd1 Re5 24. Bb4 Qe7 25. Kf1 Nc6 26. Rb1 Be6 27. Qa4
Nxb4 28. Qxb4 c6 29. f3 gxf3 30. Bxf3 Bxa2 31. Ra1 Bd5 32. Qa5 a6 33. Bxd5 Rxd5
34. Re1 Qxc5 35. Re8+ Ka7 36. Qa4 Re5 37. Rd8 Qe7 38. Qxd4+ c5 39. Ra8+ Kxa8
40. Qf2 Qd7 41. Kg1 Qd4 42. Qxd4 cxd4 43. Kf2 a5 44. Kf3 a4 45. g4 a3 46. Kf4
a2 47. g5 Rxg5 48. h4 Re5 49. h5 a1=Q 50. c4 Qf1+ 51. Kg4 Rg5+ 52. Kh4 Qh1# 0-1

[Event "ICS Rated standard match"]
[Site "207.99.5.190"]
[Date "1999.03.11"]
[Round "?"]
[White "Hossa"]
[Black "sicillianknight"]
[Result "0-1"]
[WhiteElo "2255"]
[BlackElo "2335"]
[Annotator "Crafty v16.5"]
[PlyCount "61"]

{annotating for player Hossa using a scoring margin of +0.10 pawns. search
time limit is 10.00} 1. e4 1... c5 2. Bc4 e6 3. Nc3 Nc6 4. Nf3 Nf6 5. O-O d5 6.
exd5 exd5 7. Bb5 Be7 8. Ne5 ({8:+0.11} 8. Ne5 8... Qc7 9. Re1 Be6 10. Nxc6 bxc6
11. Ba6 O-O 12. Qe2 $10) ({8:+0.46} 8. d4 8... O-O 9. Bg5 c4 10. Bxc6 bxc6 11.
Ne5 Bd7 12. Re1 $14) 8... Qc7 9. Re1 O-O 10. Nxc6 bxc6 11. Bxc6 Qxc6 12. Rxe7
d4 13. Nb1 Be6 14. c4 Ng4 15. f4 ({9:-2.58} 15. f4 15... Qd6 16. Rxe6 Qxf4 17.
Qxg4 Qxg4 18. Re1 Rae8 19. Rf1 $19) ({9:-1.73} 15. Rxe6 15... Qxe6 16. f3 Ne5
17. b3 Rae8 18. Na3 Nd3 19. Qc2 $19) 15... Qd6 16. h3 ({9:-3.24} 16. h3 16...
Qxe7 17. hxg4 Bxg4 18. Qf1 Be2 19. Qe1 Qe6 20. b3 $19) ({9:-2.75} 16. Rxe6
16... Qxf4 17. Qxg4 Qxg4 18. Re1 Rae8 19. Rf1 Re2 20. Rf2 $19) 16... Qxe7 17.
hxg4 Bxg4 18. Qf1 Rae8 19. Na3 ({10:-4.67} 19. Na3 19... Qh4 20. Nc2 Bf5 21.
Ne3 dxe3 22. dxe3 Rd8 23. Qe2 23... Rfe8 $19) ({10:-4.50} 19. d3 19... Be2 20.
Qe1 Bxd3 21. Qxe7 Rxe7 22. Na3 Rd8 23. Bd2 Re2 24. Rd1 $19) 19... Qh4 20. Nc2
Bf5 21. d3 ({11:-5.20} 21. d3 21... Qg3 22. Qf2 Qxd3 23. Na3 Qd1+ 24. Kh2 Re2
25. Qg3 Be4 26. Nb5 Rxg2+ 27. Qxg2 Bxg2 28. Kxg2 $19) ({11:-4.91} 21. Ne3 21...
dxe3 22. dxe3 Rd8 23. Qf3 Bd3 24. Qd1 f5 25. Qa4 Qe1+ 26. Kh2 Rf7 27. Qc6 Bxc4
28. Qxc5 $19) 21... Qg3 22. Qf2 Qxd3 23. Na3 ({9:-9.65} 23. Na3 23... Qd1+ 24.
Kh2 Re1 25. Qxe1 Qxe1 26. g4 Bxg4 27. Kg2 27... d3 $19) ({9:-5.38} 23. Nxd4 $19
) 23... Qd1+ 24. Kh2 Re1 25. Qxe1 Qxe1 26. b3 Re8 27. Bb2 Qh4+ 28. Kg1 Re2 29.
Bxd4 Qg3 30. Bf2 Qxf2+ 31. Kh2 0-1

[Event "ICS rated standard match"]
[Site "207.99.5.190"]
[Date "1999.03.11"]
[Round "?"]
[White "sicillianknight"]
[Black "Hossa"]
[Result "1-0"]
[WhiteElo "2347"]
[BlackElo "2243"]
[Annotator "Crafty v16.5"]
[PlyCount "74"]

{annotating for player Hossa using a scoring margin of +0.10 pawns. search
time limit is 10.00} 1. d4 1... Nf6 2. c4 g6 3. Nc3 Bg7 4. e4 d6 5. Be2 O-O 6.
Bg5 Nc6 7. Nf3 Bg4 8. d5 Na5 ({7:-0.90} 8... Na5 9. b4 Bxf3 10. gxf3 Nxe4 11.
Nxe4 Bxa1 12. Qxa1 $16) ({7:-0.48} 8... Nb4 9. O-O c6 10. a3 Na6 11. Nh4 Bxe2
12. Qxe2 cxd5 13. exd5 $14) 9. b4 Bxf3 10. gxf3 Nd7 ({9:-2.81} 10... Nd7 11.
Rc1 c6 12. bxa5 Qxa5 13. Qd2 Rae8 14. Bh6 cxd5 15. cxd5 $18) ({9:-1.85} 10...
Nxe4 11. Nxe4 h6 12. Bxh6 Bxh6 13. bxa5 c6 14. Qa4 cxd5 15. cxd5 $18) 11. Rc1
Nxc4 12. Bxc4 f5 13. O-O a5 14. b5 Kh8 15. Re1 Ne5 16. Be2 Rc8 ({8:-2.98} 16...
Rc8 17. f4 Nd7 18. exf5 gxf5 19. Bf3 Bf6 20. Bxf6+ Nxf6 21. Qd4 Rg8+ 22. Kf1
$18) ({8:-2.82} 16... Nf7 17. Be3 Qd7 18. Qd3 fxe4 19. fxe4 Rad8 20. Na4 20...
c5 $18) 17. Qa4 Ra8 18. Qc2 fxe4 19. Nxe4 c6 ({9:-3.91} 19... c6 20. dxc6 Rc8
21. f4 Nf7 22. c7 Qd7 23. Bh4 d5 24. Qd3 $18) ({9:-3.22} 19... h6 20. Bd2 Nxf3+
21. Bxf3 Rxf3 22. Qxc7 b6 23. Qc6 Kg8 24. Be3 24... Rb8 $18) 20. dxc6 Rc8 21.
c7 Qe8 ({9:-4.41} 21... Qe8 22. f4 Nf7 23. Qd2 Nxg5 24. fxg5 b6 25. Rc6 a4 26.
Qd5 $18) ({9:-3.98} 21... Qd7 22. f4 Nf7 23. b6 Qe6 24. Rb1 Qd7 25. Bh4 25...
Kg8 $18) 22. Qd2 Qd7 ({8:-4.81} 22... Qd7 23. f4 Nf7 24. Qxa5 d5 25. Ng3 e5 26.
Bd3 $18) ({8:-4.33} 22... Rxf3 23. Qxa5 Rf5 24. Qd2 Nf7 25. Bh4 d5 26. Ng5 $18)
23. f4 Nf7 24. b6 Qe6 ({8:-4.82} 24... Qe6 25. Ng3 d5 26. Rb1 Nxg5 27. fxg5 Qf7
28. Bg4 28... Rce8 $18) ({8:-4.67} 24... Nxg5 25. fxg5 Qf5 26. Bc4 Be5 27. Qe3
Qg4+ 28. Kh1 Qh4 29. h3 $18) 25. Bf3 d5 26. Nc5 Nxg5 27. fxg5 Qd6 28. Re6 Qf4
29. Qxf4 Rxf4 30. Bxd5 Bb2 31. Bxb7 Bxc1 32. Bxc8 Ba3 33. Bd7 Bxc5 34. c8=Q+
Kg7 35. Qxc5 Rf7 36. Rxe7 h6 37. gxh6+ Kh7 1-0

[Event "ICS rated bullet match"]
[Site "207.99.5.190"]
[Date "1999.03.11"]
[Round "?"]
[White "Hossa"]
[Black "Bessel"]
[Result "1-0"]
[WhiteElo "2365"]
[BlackElo "2214"]
[PlyCount "55"]

1. e4 e5 2. Nf3 Nc6 3. Bb5 d6 4. Bxc6+ bxc6 5. O-O Be7 6. d4 exd4 7. Nxd4 Nf6
8. Nxc6 Qd7 9. Nxe7 Qxe7 10. Bg5 O-O 11. Qd4 c5 12. Bxf6 Qxf6 13. Qxf6 gxf6 14.
c4 Be6 15. b3 a5 16. Rd1 Rfd8 17. f4 f5 18. exf5 Bxf5 19. Nc3 Be6 20. Kf2 Kg7
21. Rd2 Ra6 22. g3 Rb6 23. Nd5 Bxd5 24. Rxd5 Kf6 25. Re1 Rd7 26. g4 Re7 27. g5+
Kg7 28. Rxe7 {Bessel resigns} 1-0

[Event "ICS rated standard match"]
[Site "207.99.5.190"]
[Date "1999.03.11"]
[Round "?"]
[White "Shearoff"]
[Black "Hossa"]
[Result "0-1"]
[WhiteElo "1969"]
[BlackElo "2232"]
[PlyCount "101"]

1. Nf3 Nc6 2. c4 e5 3. Nc3 Nf6 4. d3 Bb4 5. Bd2 O-O 6. a3 Bxc3 7. Bxc3 d6 8.
Qc2 Bg4 9. h3 Bxf3 10. gxf3 d5 11. O-O-O Qd6 12. e4 Nd4 13. Bxd4 exd4 14. cxd5
Qf4+ 15. Qd2 Qxf3 16. Be2 Qxf2 17. Rdf1 Qe3 18. Qxe3 dxe3 19. Rf3 Rfe8 20. Rxe3
Nxd5 21. Rg3 Nf4 22. Bf1 Rad8 23. Rhg1 Ne6 24. h4 g6 25. h5 Kg7 26. hxg6 fxg6
27. Bh3 Nf4 28. Bf1 Re7 29. Rf3 Ne6 30. Rh3 Kf6 31. Rf3+ Ke5 32. Bh3 Rf8 33.
Rxf8 Nxf8 34. Kd2 Ne6 35. Ke3 b6 36. Bxe6 Kxe6 37. d4 Rd7 38. d5+ Ke5 39. Rg5+
Kf6 40. Kf4 h6 41. Rg1 g5+ 42. Ke3 Ke7 43. Kd4 c6 44. Rh1 Rd6 45. b4 cxd5 46.
exd5 g4 47. Rh5 g3 48. Re5+ Kd7 49. Rf5 Rg6 50. Rf1 Rg5 51. Rg1 {
Shearoff resigns} 0-1

[Event "ICS rated standard match"]
[Site "207.99.5.190"]
[Date "1999.03.11"]
[Round "?"]
[White "Hossa"]
[Black "Shearoff"]
[Result "1-0"]
[WhiteElo "2237"]
[BlackElo "1968"]
[PlyCount "81"]

1. e4 e5 2. Nf3 Nc6 3. Bc4 Be7 4. Nc3 Nf6 5. d3 h6 6. Nd5 d6 7. Nxe7 Qxe7 8.
Bb5 Bd7 9. O-O O-O 10. Be3 Nd4 11. Bxd7 Nxf3+ 12. Qxf3 Nxd7 13. Qh5 Nf6 14. Qh4
Nd5 15. Qh3 Nxe3 16. fxe3 Qe6 17. Qf5 g6 18. Qf6 Rae8 19. Rf2 Qxf6 20. Rxf6 Re6
21. Rxe6 fxe6 22. Rf1 Rf7 23. Rxf7 Kxf7 24. b4 d5 25. c4 dxc4 26. dxc4 Ke7 27.
Kf2 Kd6 28. Ke2 a5 29. a3 axb4 30. axb4 c5 31. b5 Kc7 32. Kd3 Kb6 33. Kc3 Ka5
34. Kb3 h5 35. h4 b6 36. Ka3 g5 37. hxg5 h4 38. g6 h3 39. g7 h2 40. g8=Q h1=Q
41. Qa8# {Shearoff checkmated} 1-0

[Event "ICS rated standard match"]
[Site "207.99.5.190"]
[Date "1999.03.12"]
[Round "?"]
[White "King-Grabbler"]
[Black "Hossa"]
[Result "0-1"]
[WhiteElo "2131"]
[BlackElo "2243"]
[PlyCount "52"]

1. e4 e5 2. Nf3 Nc6 3. Bc4 Bc5 4. O-O Nf6 5. d3 O-O 6. Be3 Bxe3 7. fxe3 d6 8.
a3 Be6 9. Nbd2 Bxc4 10. Nxc4 Qd7 11. Nh4 Rad8 12. Rf5 Qe6 13. Qf3 Nxe4 14. dxe4
Qxc4 15. Rf1 Ne7 16. Rh5 Qxc2 17. Nf5 Nxf5 18. exf5 Qxb2 19. e4 f6 20. g4 Qd4+
21. Kg2 d5 22. exd5 Qxd5 23. g5 Qxf3+ 24. Rxf3 Rd2+ 25. Kh3 e4 26. Re3 26...
Rd3 {King-Grabbler resigns} 0-1

[Event "ICS Rated blitz match"]
[Site "207.99.5.190"]
[Date "1999.03.12"]
[Round "?"]
[White "Hossa"]
[Black "alfonso2"]
[Result "1-0"]
[WhiteElo "2387"]
[BlackElo "2206"]
[PlyCount "54"]

1. e4 d5 2. exd5 Nf6 3. Bb5+ Bd7 4. Bc4 b5 5. Bb3 Bg4 6. f3 Bc8 7. a4 b4 8. c4
c6 9. dxc6 Nxc6 10. Ne2 e5 11. f4 Bc5 12. fxe5 Ng4 13. Qc2 O-O 14. Qe4 Nf2 15.
Qxc6 f6 16. d4 fxe5 17. Qxa8 Bxd4 18. c5+ Kh8 19. a5 Qh4 20. Rf1 Nd3+ 21. Kd2
Qg5+ 22. Kc2 Ne1+ 23. Kd1 Qd8 24. Rxf8+ Qxf8 25. Kxe1 Qf2+ 26. Kd1 Qf8 27. Be6
27... h6 {alfonso2 resigns} 1-0

[Event "ICS rated blitz match"]
[Site "207.99.5.190"]
[Date "1999.03.12"]
[Round "?"]
[White "sicillianknight"]
[Black "Hossa"]
[Result "1-0"]
[WhiteElo "2743"]
[BlackElo "2395"]
[Annotator "Crafty v16.5"]
[PlyCount "119"]

{annotating for player Hossa using a scoring margin of +0.10 pawns. search
time limit is 10.00} 1. e4 1... c5 2. Nf3 Nf6 3. Nc3 Nc6 4. d4 d5 5. exd5 Nxd5
6. Nxd5 Qxd5 7. Be3 Bg4 8. dxc5 Bxf3 9. gxf3 Qe5 10. c3 e6 11. f4 Qf5 12. Rg1
Rd8 13. Qe2 Rd7 14. Bg2 Nd8 15. Bf3 Qh3 16. Be4 Nc6 17. f3 Ne7 ({8:-1.22} 17...
Ne7 18. Rg3 Qh5 19. Bd4 f5 20. Bd3 Qh4 21. Qxe6 21... Qxh2 $16) ({8:-0.58} 
17... Be7 18. Qg2 Qh4+ 19. Qf2 O-O 20. Bxc6 bxc6 21. Bd4 g6 22. Qxh4 22...
Bxh4+ $14) 18. Bd4 Qh4+ 19. Rg3 Qxf4 ({8:-1.20} 19... Qxf4 20. Bxg7 Bxg7 21.
Rxg7 Qf6 22. Rg3 Qe5 23. Qc4 23... Nf5 $16) ({8:-0.92} 19... f6 20. Bd3 Kf7 21.
Be3 Nd5 22. f5 e5 23. Bc4 $16) 20. Bxg7 Bxg7 21. Rxg7 Qh4+ 22. Rg3 Qh5 ({
8:-1.11} 22... Qh5 23. Rd1 Rxd1+ 24. Kxd1 Qxc5 25. Bxb7 Nf5 26. Rh3 Ne3+ 27.
Kc1 27... O-O $16) ({8:-0.48} 22... f5 23. c6 bxc6 24. Bc2 Rg8 25. Qe5 Rxg3 26.
Qb8+ Rd8 27. Qxg3 Qxg3+ 28. hxg3 $14) 23. Qf2 Qe5 24. h4 h6 ({8:-0.69} 24... h6
25. Kf1 f5 26. Bc2 Qf4 27. Bb3 Nd5 28. Re1 $14) ({8:-0.45} 24... f5 25. Rg5 h6
26. Rh5 Qf6 27. c6 Nxc6 28. Bxc6 28... bxc6 $14) 25. Kf1 f5 ({8:-0.94} 25... f5
26. Bc2 Qf4 27. Rg2 Nd5 28. Re1 Qc4+ 29. Re2 29... Nf4 $16) ({8:-0.55} 25...
Rc7 26. a4 f5 27. Bd3 Rxc5 28. f4 Qd5 29. Rd1 $14) 26. Bc2 Qf4 27. Rg2 Nd5 28.
Re1 e5 29. Qe2 e4 30. Kg1 Qxh4 31. Ba4 Nf4 32. Qd2 Kf8 33. Bxd7 Nxg2 34. Qd6+
Kf7 35. Qe6+ Kg7 36. Qe5+ Qf6 37. Qxf6+ Kxf6 38. Kxg2 Rd8 39. c6 bxc6 40. Bxc6
Rd6 41. Bb5 Rb6 42. a4 a6 43. Bc4 Rxb2+ 44. Kg3 Rb6 45. fxe4 Rc6 46. e5+ Kg5
47. Bd5 Rxc3+ 48. Kf2 Rc2+ 49. Ke3 Rc3+ 50. Kd4 Ra3 51. e6 Rxa4+ 52. Ke5 Rb4
53. e7 Rb8 54. Rg1+ Kh4 55. e8=Q Rxe8+ 56. Kf4 Re3 57. Kxe3 f4+ 58. Kxf4 Kh5
59. Bf3+ Kh4 60. Rh1# 1-0

[Event "ICS rated standard match"]
[Site "207.99.5.190"]
[Date "1999.03.12"]
[Round "?"]
[White "Hossa"]
[Black "lupus2"]
[Result "0-1"]
[WhiteElo "2249"]
[BlackElo "2464"]
[Annotator "Crafty v16.5"]
[PlyCount "80"]

{annotating for player Hossa using a scoring margin of +0.10 pawns. search
time limit is 10.00} 1. e4 1... c5 2. Bc4 Nf6 3. d3 e6 4. e5 d5 5. exf6 dxc4 6.
fxg7 Bxg7 7. Qg4 Qd4 8. Qxd4 cxd4 9. dxc4 e5 10. Ne2 Nc6 11. Na3 Bf5 12. Ng3
Bg6 13. f4 exf4 14. Bxf4 O-O-O 15. O-O-O d3 16. c3 ({7:+0.50} 16. c3 16... h5
17. Rd2 h4 18. Nf1 h3 19. Rg1 $14) ({7:+0.85} 16. Rd2 $16) 16... Rhe8 17. Rhf1
h5 18. h3 ({8:+0.19} 18. h3 18... h4 19. Nh1 Bh5 20. Rd2 Be2 21. Re1 21... Ne5
$10) ({8:+0.41} 18. Nb5 18... h4 19. Nh1 Bh5 20. Rd2 Be2 21. Re1 21... f5 $14)
18... h4 19. Nh1 Re2 20. Rd2 Bf8 21. Nb1 Bc5 22. g4 Ne5 23. Bxe5 ({9:-0.62} 23.
Bxe5 23... Rxe5 24. Kd1 f5 25. b4 Be3 26. Rh2 fxg4 27. hxg4 Rh8 28. Nd2 $15) ({
9:-0.15} 23. b3 23... Be3 24. Bxe3 Rxe3 25. Nf2 Nf3 26. Rb2 Ng5 27. Kd2 Re2+
28. Kc1 $10) 23... Rxe5 24. Rdd1 ({10:-0.93} 24. Rdd1 24... f5 25. b4 Be3+ 26.
Kb2 fxg4 27. hxg4 Re4 28. Rf3 Bg5 29. Nf2 Re2+ 30. Kb3 $17) ({10:-0.76} 24. Kd1
24... f5 25. b4 Be3 26. Rh2 Re4 27. Nd2 Bxd2 28. Kxd2 fxg4 29. Nf2 $17) 24...
Re2 25. Nd2 Be3 26. a4 Be4 27. c5 Bg2 28. Rxf7 Bxd2+ 29. Kb1 Bxh1 30. Rxh1 Be1
31. c6 bxc6 32. Rxa7 Kb8 33. Rf1 d2 34. Rff7 d1=Q+ 35. Ka2 Rxb2+ 36. Kxb2 Qd2+
37. Kb1 Qd3+ 38. Kc1 Qxc3+ 39. Kb1 Rd1+ 40. Ka2 Ra1# 0-1

[Event "ICS rated blitz match"]
[Site "207.99.5.190"]
[Date "1999.03.12"]
[Round "?"]
[White "Hossa"]
[Black "sicillianknight"]
[Result "0-1"]
[WhiteElo "2391"]
[BlackElo "2747"]
[Annotator "Crafty v16.5"]
[PlyCount "102"]

{annotating for player Hossa using a scoring margin of +0.10 pawns. search
time limit is 10.00} 1. e4 1... e5 2. Nf3 Nc6 3. Bc4 Nf6 4. Ng5 d5 5. exd5 Na5
6. Bb5+ c6 7. dxc6 bxc6 8. Bd3 Bc5 9. Be2 ({8:-0.27} 9. Be2 9... h6 10. Nh3
Bxh3 11. gxh3 Ne4 12. Rf1 Qh4 13. Nc3 13... Bxf2+ $10) ({8:+0.91} 9. Qe2 9...
Ng4 10. Ne4 Bd4 11. f3 Nf6 12. c3 Bb6 13. Nxf6+ 13... Qxf6 $16) 9... h6 10. Nf3
({8:-1.34} 10. Nf3 10... e4 11. Nh4 Ng4 12. Ng6 Nxf2 13. Nxh8 Nxd1 14. Bxd1 $17
) ({8:-0.12} 10. Nh3 10... Bxh3 11. gxh3 Ne4 12. O-O Qh4 13. Qe1 O-O 14. Bg4
$10) 10... e4 11. Nh4 ({8:-1.81} 11. Nh4 11... Ng4 12. d4 Bxd4 13. Bxg4 Bxf2+
14. Kxf2 Qxh4+ 15. g3 15... Qxg4 $19) ({8:-1.34} 11. O-O 11... exf3 12. Bxf3
O-O 13. Nc3 Bf5 14. Re1 14... Qd4 $17) 11... Ng4 12. d4 exd3 13. Bxg4 Qxh4 14.
O-O Qxg4 15. Qe1+ Qe2 16. Qxa5 Qxc2 17. Nc3 ({8:-0.93} 17. Nc3 17... Bd4 18.
Qc7 O-O 19. Qxc6 Be6 20. Qa4 Qxa4 21. Nxa4 $17) ({8:-0.40} 17. Na3 17... Bxa3
18. Qxa3 Qc4 19. Be3 Ba6 20. Bd4 d2 21. Qe3+ Qe6 22. Bxg7 Qxe3 23. fxe3 Bxf1
24. Bxh8 $15) 17... Bd4 18. Qc7 O-O 19. Qxc6 Be6 20. Qa4 Qxa4 21. Nxa4 Rac8 22.
Be3 Bxe3 23. fxe3 Rc2 24. Rf2 d2 25. Rd1 Rd8 26. h3 Bxa2 27. Nc3 Bb3 28. Rff1
Rd3 29. Rb1 Rcxc3 30. bxc3 d1=Q 31. Rbxd1 Rxd1 32. Rxd1 Bxd1 33. Kf2 a5 34. Ke1
Bb3 35. Kd2 a4 36. e4 a3 37. Kc1 Kf8 38. h4 Ke7 39. g3 Kd6 40. c4 Bxc4 41. Kc2
h5 42. Kb1 Ke5 43. Kc2 Kd4 44. e5 a2 45. Kb2 Kd3 46. e6 Bxe6 47. Ka1 Kc3 48. g4
hxg4 49. h5 g3 50. h6 g2 51. hxg7 g1=Q# 0-1

[Event "ICS rated blitz match"]
[Site "207.99.5.190"]
[Date "1999.03.12"]
[Round "?"]
[White "sicillianknight"]
[Black "Hossa"]
[Result "0-1"]
[WhiteElo "2736"]
[BlackElo "2387"]
[PlyCount "107"]

1. d4 Nf6 2. c4 g6 3. Nc3 Bg7 4. e4 d6 5. f3 O-O 6. Be3 e5 7. d5 Na6 8. Qd2 Bd7
9. O-O-O Kh8 10. Nh3 Bxh3 11. gxh3 Nh5 12. Nb5 Nc5 13. Bxc5 dxc5 14. d6 cxd6
15. Nxd6 Qe7 16. Rg1 Nf4 17. Qa5 b6 18. Qa4 Rad8 19. Nb5 Rxd1+ 20. Qxd1 Rd8 21.
Qe1 Qd7 22. Kc2 Nxh3 23. Rg2 Nf4 24. Rd2 Qxd2+ 25. Qxd2 Rxd2+ 26. Kxd2 a5 27.
Nd6 Bf6 28. Nxf7+ Kg7 29. Nd6 Bg5 30. Nc8 Ne6+ 31. Kc3 Bd8 32. Na7 Nd4 33. Bg2
Kh6 34. Kd2 Ne6 35. Nb5 Bg5+ 36. Kc2 Bf4 37. h3 Nd4+ 38. Kd3 Nxb5 39. cxb5 Kg5
40. b3 Kh4 41. Ke2 Kg3 42. Bf1 h6 43. Kd3 Kf2 44. Be2 h5 45. Bd1 Kg3 46. Kc4
Kxh3 47. Kd3 Kg2 48. b4 axb4 49. a4 bxa3 50. Bb3 h4 51. Kc4 h3 52. Kd5 h2 53.
Kc6 h1=Q 54. Kxb6 {sicillianknight resigns} 0-1

[Event "ICS rated bullet match"]
[Site "207.99.5.190"]
[Date "1999.03.12"]
[Round "?"]
[White "narciso"]
[Black "Hossa"]
[Result "1-0"]
[WhiteElo "2286"]
[BlackElo "2374"]
[Annotator "Crafty v16.5"]
[PlyCount "77"]

{annotating for player Hossa using a scoring margin of +0.10 pawns. search
time limit is 10.00} 1. d3 1... e5 2. Nf3 Nc6 3. c4 Nf6 4. Nc3 Be7 ({8:-0.66} 
4... Be7 5. e4 Rf8 6. Be2 Ng4 7. Nd2 f5 8. Bxg4 fxg4 9. Qxg4 $14) ({8:+0.04} 
4... d5 5. cxd5 Nxd5 6. Nxd5 Qxd5 7. Bd2 Bg4 8. e4 Qb5 9. Bc3 $10) 5. Bg5 O-O (
{8:-0.86} 5... O-O 6. e4 Ng4 7. Bxe7 Qxe7 8. Be2 f5 9. Nd5 9... Qc5 $16) ({
8:-0.53} 5... h6 6. Bxf6 Bxf6 7. Qd2 d6 8. O-O-O Bg4 9. e4 9... Rf8 $14) 6. e3
Bb4 7. Be2 Bxc3+ 8. bxc3 d6 ({9:-0.74} 8... d6 9. e4 a6 10. a4 Bg4 11. O-O Qe7
12. a5 12... b6 $16) ({9:-0.38} 8... d5 9. Bxf6 gxf6 10. cxd5 Qxd5 11. O-O f5
12. c4 Qe6 13. d4 13... Rd8 $14) 9. e4 Bg4 10. O-O Rc8 ({8:-0.99} 10... Rc8 11.
Rb1 Rb8 12. Nh4 Bxe2 13. Qxe2 Qe7 14. Nf5 14... Qe6 $16) ({8:-0.81} 10... Rb8
11. a4 h6 12. Bxf6 Qxf6 13. Nd2 Be6 14. Qc2 14... Qf4 $16) 11. Nd2 Bxe2 12.
Qxe2 Re8 ({10:-1.04} 12... Re8 13. f4 b6 14. Rab1 a6 15. f5 Qe7 16. a4 Rcd8 17.
Nf3 $16) ({10:-0.92} 12... Qe7 13. Rab1 b6 14. Nf3 a6 15. Nh4 Qe6 16. Nf5 Ne7
17. Nxe7+ Qxe7 18. a4 $16) 13. f4 Re6 ({8:-1.10} 13... Re6 14. f5 Re8 15. Rab1
Rb8 16. a4 Qe7 17. Nf3 $16) ({8:-0.99} 13... b6 14. Rab1 a6 15. f5 Qe7 16. a4
Rcd8 17. Nf3 $16) 14. fxe5 Nxe5 ({9:-0.87} 14... Nxe5 15. Rab1 Rb8 16. Nb3 h6
17. Bh4 c5 18. a4 Qe7 19. Bxf6 19... Rxf6 $16) ({9:-0.74} 14... dxe5 15. Nb3
Qd6 16. Be3 b6 17. c5 Qd7 18. c4 18... Rd8 $16) 15. Nf3 Nc6 ({8:-0.99} 15...
Nc6 16. Nd4 Nxd4 17. cxd4 c6 18. d5 cxd5 19. cxd5 Re5 20. Bxf6 20... gxf6 $16)
({8:-0.79} 15... Nxf3+ 16. Rxf3 c6 17. Raf1 d5 18. Bxf6 Rxf6 19. Rxf6 gxf6 20.
c5 Kg7 21. a4 $16) 16. Nd4 Nxd4 17. cxd4 d5 18. e5 dxc4 19. Qf2 cxd3 20. exf6
Re2 21. Qf4 Qd5 22. Rf3 Re4 23. Qg3 Qxd4+ 24. Be3 Qxa1+ 25. Rf1 Qxf1+ 26. Kxf1
g6 27. Qf2 Rd8 28. Bd2 Ra4 29. Qe3 Ra6 30. Bc3 d2 31. Bxd2 Rxa2 32. Qh6 Ra1+
33. Ke2 Rxd2+ 34. Kxd2 Ra2+ 35. Kc3 Ra3+ 36. Kb4 Ra4+ 37. Kxa4 b5+ 38. Ka5 c6
39. Qg7# 1-0

[Event "ICS rated blitz match"]
[Site "207.99.5.190"]
[Date "1999.03.12"]
[Round "?"]
[White "Hossa"]
[Black "egghead"]
[Result "1/2-1/2"]
[WhiteElo "2415"]
[BlackElo "2566"]
[PlyCount "114"]

1. e4 c5 2. Bc4 Nc6 3. a3 Ne5 4. Be2 d5 5. d4 Nc6 6. dxc5 dxe4 7. Qxd8+ Nxd8 8.
Nc3 Nf6 9. Bb5+ Bd7 10. Bxd7+ Kxd7 11. Nge2 Kc6 12. Ng3 Ne6 13. Be3 Ng4 14. O-O
g6 15. b4 Nxe3 16. fxe3 Bg7 17. b5+ Kxc5 18. Ncxe4+ Kb6 19. Rad1 f5 20. Nf2
Rad8 21. c4 Kc5 22. e4 f4 23. Ne2 Kxc4 24. b6 Rxd1 25. Rxd1 axb6 26. h4 b5 27.
Rb1 Rd8 28. Rb4+ Kc5 29. Nc1 Bc3 30. Nfd3+ Kb6 31. Rb3 Bd4+ 32. Kh2 Be3 33. Ne2
Nc5 34. Nxc5 Kxc5 35. Rc3+ Kb6 36. Rb3 Bd2 37. g3 e5 38. Kh3 h6 39. gxf4 Bxf4
40. a4 Ra8 41. Rxb5+ Kc6 42. Rb4 g5 43. hxg5 hxg5 44. Kg4 b6 45. Nc3 Ra5 46.
Nd5 Kc5 47. Kf5 b5 48. Rxb5+ Rxb5 49. axb5 Kxb5 50. Nc7+ Kc5 51. Ne6+ Kc4 52.
Nxg5 Bxg5 53. Kxe5 Kd3 54. Kd5 Bc1 55. e5 Bb2 56. e6 Ba3 57. e7 57... Bxe7 {
Game drawn because neither player has mating material} 1/2-1/2

[Event "ICS rated blitz match"]
[Site "207.99.5.190"]
[Date "1999.03.12"]
[Round "?"]
[White "egghead"]
[Black "Hossa"]
[Result "1-0"]
[WhiteElo "2559"]
[BlackElo "2422"]
[Annotator "Crafty v16.5"]
[PlyCount "133"]

{annotating for player Hossa using a scoring margin of +0.10 pawns. search
time limit is 10.00} 1. e4 1... c5 2. Nf3 Nf6 3. e5 Nd5 4. Nc3 Nf4 5. d3 Ng6 6.
Be3 b6 ({9:-0.60} 6... b6 7. d4 cxd4 8. Bxd4 Nc6 9. Bb5 a6 10. Bxc6 dxc6 11.
O-O 11... Bf5 $14) ({9:-0.45} 6... Nc6 7. Bxc5 Ngxe5 8. Nxe5 Nxe5 9. d4 Nc6 10.
d5 d6 11. dxc6 dxc5 12. Qxd8+ Kxd8 13. cxb7 13... Bxb7 $14) 7. d4 Nc6 ({8:-0.87
} 7... Nc6 8. dxc5 bxc5 9. Bb5 Ncxe5 10. Nxe5 Nxe5 11. Qd5 Nc6 12. Bxc5 $16) ({
8:-0.52} 7... cxd4 8. Bxd4 Nc6 9. Qd2 Bb7 10. O-O-O d6 11. exd6 Nxd4 12. Nxd4
12... Qxd6 $14) 8. dxc5 bxc5 9. Bxc5 Rb8 10. Rb1 Qa5 11. Bd4 Bb7 ({8:-1.46} 
11... Bb7 12. Bb5 e6 13. O-O Be7 14. a4 O-O 15. Ne4 Nxd4 16. Qxd4 $16) ({
8:-0.73} 11... e6 12. Bc4 Rb4 13. b3 Nxd4 14. Qxd4 Bb7 15. a3 15... Qxa3 $16)
12. Bb5 Qc7 ({8:-1.63} 12... Qc7 13. Nd5 Qd8 14. O-O Nxd4 15. Qxd4 e6 16. Nc3
Bxf3 17. gxf3 $18) ({8:-1.48} 12... e6 13. O-O Bb4 14. Bxc6 Bxc6 15. a3 Be7 16.
Qe2 16... O-O $16) 13. Nd5 Qd8 14. O-O Nxd4 15. Qxd4 e6 16. Nc3 Bxf3 17. gxf3
Qg5+ ({8:-1.56} 17... Qg5+ 18. Kh1 Rb7 19. Rfd1 Qd8 20. f4 Be7 21. Kg1 21...
Qc7 $18) ({8:-0.92} 17... Qc7 18. f4 Bc5 19. Qc4 O-O 20. b4 Bb6 21. Qxc7 21...
Bxc7 $16) 18. Kh1 Rb7 19. Qc4 Rb8 ({8:-3.34} 19... Rb8 20. Bxd7+ Kd8 21. Rfd1
Qxe5 22. f4 Qc5 23. Bxe6+ Kc7 24. Rd7+ 24... Kb6 $18) ({8:-1.05} 19... Qd8 20.
f4 Be7 21. Rfd1 O-O 22. Qe4 Rc7 23. Kg1 $16) 20. Bxd7+ Kd8 21. Rbd1 Qxe5 22.
Bc6+ Bd6 23. Rxd6+ Qxd6 24. Rd1 Qxd1+ 25. Nxd1 Rb6 26. Qc5 Kc7 27. Be4+ Kb8 28.
Bxg6 hxg6 29. Qe5+ Kc8 30. Qc3+ Kb8 31. Qxg7 Rd8 32. Ne3 Rd7 33. Qe5+ Rc7 34.
Kg2 Kb7 35. Kg3 Ra6 36. a3 Kc6 37. Nc4 Rb6 38. Kf4 Rc8 39. Qe4+ Kc7 40. Nxb6
axb6 41. Ke5 Rd8 42. Qf4 Rd7 43. h4 Kb8 44. b4 Kc7 45. c4 Kb7 46. Qe4+ Kb8 47.
Qc6 Rc7 48. Qxb6+ Kc8 49. a4 Rb7 50. Qc6+ Rc7 51. Qe8+ Kb7 52. Qb5+ Kc8 53. Kd6
g5 54. Qa6+ Kb8 55. Qb6+ Rb7 56. Qxb7+ Kxb7 57. hxg5 Kc8 58. Ke7 Kb7 59. Kxf7
e5 60. g6 Kc7 61. g7 Kd7 62. g8=Q Kd6 63. Qd8+ Kc6 64. Qc8+ Kd6 65. b5 e4 66.
Qc6+ Ke5 67. Qf6# 1-0